000 01098cam a2200265 i 4500
003 SA-RiAUC
005 20250114082650.0
008 250106s1992 sy g 000 0 ara c
040 _aJO-MaAABU
_bara
_cSA-RiAUC
_erda
082 0 4 _a251.12
090 _a251.12
_bح د ا
100 1 _aالحداد، عبد الله محفوظ محمد،
_d1923-1996
_eمؤلف.
245 1 2 _aالسنة والبدعة :
_bتحقيق فريد لبيان المراد بالسنة في أحاديث الرسول صلى الله عليه وسلم /
_cعبد الله محفوظ محمد الحداد باعلوي الحضرمي.
264 1 _aدمشق :
_bدار القلم،
_c1992
300 _a223 صفحة
336 _aنص
_btxt
_2rdacontent
_3كتاب
337 _aبدون وسيط
_bn
_2rdamedia
338 _aمجلد
_bnc
_2rdacarrier
650 7 _aالسنة
_2aucsh
650 7 _aالبدع في الإسلام
_2aucsh
650 7 _aالأدلة الشرعية
_2aucsh
650 7 _aأصول الفقه الإسلامي
_2aucsh
942 _2ddc
_cBOOK
_n0
949 _aSA-JeALM
_d250106
_umohamedma123
_n1
999 _c4756
_d4756